[Event "Kemerovo1"]
[Site "Kemerovo"]
[Date "1995.??.??"]
[Round "5"]
[White "Sagalchik, Gennadij"]
[Black "Sveshnikov, Evgeny"]
[Result "1/2-1/2"]
[WhiteElo "2515"]
[BlackElo "2580"]
[PlyCount "57"]
[EventDate "1995.08.??"]
[Source "ChessBase"]

1. d4 d5 2. Nc3 Bf5 3. Bg5 c6 4. e3 Nd7 5. Bd3 Bxd3 6. cxd3 h6 7. Bh4 Ngf6 8. Nf3 e6 9. O-O Be7 10. a3 O-O 11. b4 Ne8 12. Bg3 Bd6 13. e4 Bxg3 14. hxg3 Nef6 15. Rb1 Re8 16. Nd2 Qb6 17. e5 Nh7 18. Nb3 Qd8 19. f4 b6 20. Qh5 Qe7 21. g4 a5 22. bxa5 bxa5 23. Na4 Qxa3 24. Nbc5 Nxc5 25. Nxc5 Qc3 26. Rb7 Rf8 27. Nxe6 a4 28. g5 Qxd3 29. Nxf8 1/2-1/2

[Event "Lewkowitz Memorial B"]
[Site "Lewkowitz Memorial B"]
[Date "1994.??.??"]
[Round "?"]
[White "Normantas, Valentinas P"]
[Black "Biava, Mario Silas"]
[Result "1-0"]
[WhiteElo "2620"]
[BlackElo "2435"]
[PlyCount "73"]
[EventDate "1994.??.??"]
[Source "www.chesslib.no"]
[SourceDate "2004.05.04"]

1. d4 d5 2. Nc3 Bf5 3. Bg5 c6 4. e3 f6 5. Bf4 e6 6. Bd3 Bd6 7. Bxf5 exf5 8. Qf3 Ne7 9. Nge2 g6 10. h3 Na6 11. g4 Bxf4 12. Nxf4 Qd7 13. O-O-O O-O-O 14. Nce2 Nc7 15. Ng3 Ne6 16. Nxe6 Qxe6 17. Rdg1 fxg4 18. hxg4 h6 19. Rg2 Rh7 20. Rgh2 Ng8 21. Ne2 Rg7 22. Nf4 Qf7 23. Nd3 Qc7 24. Qh3 Kb8 25. Nf4 Qd6 26. Kb1 Rdd7 27. Rc1 Rdf7 28. c4 dxc4 29. Rxc4 f5 30. gxf5 Rxf5 31. Rg2 Qf6 32. d5 cxd5 33. Nxd5 Qd6 34. e4 Rf8 35. f4 g5 36. Rgc2 Rd7 37. Qc3 1-0

[Event "Pula op 10th"]
[Site "?"]
[Date "1996.??.??"]
[Round "?"]
[White "Mestrovic Zvonimir"]
[Black "Kozul Zdenko"]
[Result "0-1"]
[WhiteElo "2470"]
[BlackElo "2580"]
[PlyCount "86"]
[EventDate "1996.??.??"]
[Source "www.chesslib.no"]
[SourceDate "2004.05.04"]

1. d4 d5 2. Nc3 Bf5 3. Nf3 e6 4. Bg5 Be7 5. Bxe7 Qxe7 6. e3 c6 7. Bd3 Bg4 8. Qd2 Bxf3 9. gxf3 Nf6 10. e4 Nbd7 11. O-O-O g6 12. Rhe1 a6 13. Kb1 Nb6 14. exd5 cxd5 15. a4 O-O 16. h4 Qd6 17. Re5 Nbd7 18. Rg5 Kh8 19. Rh1 Rg8 20. Ne2 Nh5 21. f4 f5 22. Qe3 Ndf6 23. f3 Rac8 24. Qe5 Rc6 25. Rhg1 Qxe5 26. dxe5 Nd7 27. Rxh5 gxh5 28. Rxg8+ Kxg8 29. Nd4 Nb8 30. Nxc6 Nxc6 31. c3 Kf7 32. b4 Ne7 33. a5 Ke8 34. c4 Kd7 35. b5 axb5 36. cxb5 Ng6 37. Kc2 Nxh4 38. Kc3 Ng6 39. Kd4 h4 40. Bf1 Nxf4 41. Ke3 Ng6 42. Kd4 Kc7 43. Bh3 Nf4 0-1

[Event "RUS-Cup3"]
[Site "Omsk"]
[Date "1996.??.??"]
[Round "4"]
[White "Khachian, Melikset"]
[Black "Landa, Konstantin"]
[Result "0-1"]
[WhiteElo "2480"]
[BlackElo "2570"]
[PlyCount "82"]
[EventDate "1996.12.13"]
[Source "ChessBase"]
[SourceDate "1997.04.10"]

1. d4 d5 2. Nc3 Bf5 3. Bg5 h6 4. Bh4 c6 5. Qd2 Nd7 6. f3 Ngf6 7. O-O-O e6 8. Re1 Bh7 9. Bg3 b5 10. Nh3 Qa5 11. e4 b4 12. Nb1 Qxa2 13. Bd3 Nb6 14. Nf2 Be7 15. Bf4 Rd8 16. e5 Nfd7 17. b3 Bxd3 18. Nxd3 Qa5 19. h4 c5 20. dxc5 Nxc5 21. Nxc5 Qxc5 22. Rh3 h5 23. Bg5 Rc8 24. Re2 a5 25. Rg3 g6 26. f4 Rc7 27. Bf6 Bxf6 28. exf6 Nd7 29. f5 gxf5 30. Qf4 Kd8 31. Kb2 Nxf6 32. Qe5 Rh6 33. Rd2 Kc8 34. Qf4 Rh8 35. Qe5 Rh6 36. Qf4 Rg6 37. Rxg6 fxg6 38. Qe5 Qe7 39. c4 Ne4 40. Rc2 dxc4 41. Qxa5 c3+ 0-1

[Event "29. ch-GRE Team"]
[Site "?"]
[Date "2000.07.08"]
[Round "3"]
[White "Miladinovic Igor"]
[Black "Rychagov Andrey"]
[Result "1-0"]
[WhiteElo "2538"]
[BlackElo "2506"]
[PlyCount "99"]
[EventDate "2000.??.??"]
[Source "www.chesslib.no"]
[SourceDate "2004.05.04"]

1. d4 d5 2. Nc3 Bf5 3. f3 e6 4. e4 Bg6 5. Be3 Bb4 6. h4 h6 7. h5 Bh7 8. e5 Ne7 9. a3 Bxc3+ 10. bxc3 c5 11. Qd2 Nbc6 12. g4 Qa5 13. Bd3 Bxd3 14. cxd3 c4 15. Ne2 Qa6 16. dxc4 Na5 17. Qc2 Nxc4 18. Bc1 O-O-O 19. Nf4 Kb8 20. Nd3 Rc8 21. a4 Ka8 22. Rb1 Qc6 23. Ke2 f6 24. exf6 gxf6 25. Qb3 e5 26. Qb5 Qc7 27. Kf2 a6 28. Qb4 Nc6 29. Qc5 Qd7 30. Rd1 Nxd4 31. Qb4 Ne6 32. a5 Rh7 33. Nb2 Nxb2 34. Rxb2 d4 35. cxd4 exd4 36. Re2 Qd5 37. Qb1 Rf7 38. Qe4 Qxe4 39. Rxe4 Rc6 40. Rde1 Ng5 41. Rxd4 Rf8 42. f4 Rc2+ 43. Bd2 Nf7 44. Re2 Ne5 45. Kg3 Nc4 46. Bb4 Rxe2 47. Bxf8 Nxa5 48. Bxh6 Nc6 49. Rd6 a5 50. Bg7 1-0

[Event "CRO-chT"]
[Site "?"]
[Date "2000.09.18"]
[Round "8"]
[White "Mestrovic Zvonimir"]
[Black "Palac Mladen"]
[Result "1/2-1/2"]
[WhiteElo "2434"]
[BlackElo "2573"]
[PlyCount "108"]
[EventDate "2000.??.??"]
[Source "www.chesslib.no"]
[SourceDate "2004.05.04"]

1. d4 d5 2. Nc3 c5 3. Bf4 Nc6 4. e3 cxd4 5. exd4 a6 6. Nf3 Bg4 7. Be2 Bxf3 8. Bxf3 e6 9. O-O Bd6 10. Bxd6 Qxd6 11. Na4 Nf6 12. c3 O-O 13. Nc5 b6 14. Nd3 Nd7 15. g3 b5 16. Qd2 a5 17. Be2 b4 18. Rfe1 bxc3 19. bxc3 Rfc8 20. Rab1 Rab8 21. Nf4 Ne7 22. Nd3 Qc7 23. Rb3 Nf5 24. Nb2 Nb6 25. Rb5 Nd6 26. Rc5 Qd8 27. Bd3 Nd7 28. Rxc8 Rxc8 29. Na4 Qc7 30. Rb1 Nc4 31. Qd1 Qc6 32. Bxc4 Qxc4 33. Qb3 g6 34. Kg2 Kg7 35. Rb2 Rc7 36. Qa3 e5 37. Nb6 Nxb6 38. Rxb6 exd4 39. Qd6 dxc3 40. Qf6+ Kg8 41. Qd8+ Kg7 42. Qf6+ Kh6 43. h4 Qe4+ 44. Kh2 Qe7 45. Qf4+ Kg7 46. h5 h6 47. hxg6 fxg6 48. Re6 Qf7 49. Rf6 Qxf6 50. Qxc7+ Kh8 51. Kg2 d4 52. Kf1 Qg7 53. Qxa5 d3 54. Qd8+ Kh7 1/2-1/2

[Event "CUB Ch"]
[Site "Holguin"]
[Date "1991.??.??"]
[Round "6"]
[White "Sariego, Wilfredo"]
[Black "Arencibia, Walter"]
[Result "1/2-1/2"]
[WhiteElo "2435"]
[BlackElo "2530"]
[PlyCount "25"]
[EventDate "1991.10.??"]
[Source "www.chesslib.no"]
[SourceDate "2004.05.04"]

1. d4 d5 2. Nc3 Nf6 3. Bf4 Bf5 4. e3 e6 5. Bd3 Bd6 6. Nge2 Bxd3 7. Qxd3 O-O 8. Bxd6 Qxd6 9. O-O Nbd7 10. e4 dxe4 11. Nxe4 Nxe4 12. Qxe4 c6 13. c3 1/2-1/2

[Event "Pyramiden Franken Cup 5th"]
[Site "Fuerth"]
[Date "2002.09.08"]
[Round "9"]
[White "Hector, Jonny"]
[Black "Smeets, Jan"]
[Result "1-0"]
[WhiteElo "2562"]
[BlackElo "2392"]
[PlyCount "105"]
[EventDate "2002.08.31"]
[Source "ChessBase"]
[SourceDate "2002.11.06"]

1. d4 d5 2. Nc3 Bf5 3. f3 e6 4. e4 Bg6 5. a3 dxe4 6. fxe4 e5 7. dxe5 Qxd1+ 8. Kxd1 Nc6 9. Bf4 O-O-O+ 10. Kc1 f6 11. Nf3 fxe5 12. Nxe5 Nxe5 13. Bxe5 Nf6 14. Bd3 Ng4 15. Bg3 Bc5 16. Re1 Rhe8 17. Kd2 Nf2 18. Bxf2 Bxf2 19. Re2 Bh4 20. Rg1 Bg5+ 21. Kd1 Rd7 22. h3 c6 23. g4 Rde7 24. Rh1 Bf6 25. Kc1 Kd7 26. Rd1 Kc7 27. Kb1 a6 28. a4 Re6 29. Rde1 h6 30. Nd1 Bh4 31. Rf1 R8e7 32. Nc3 Re8 33. e5 Bxd3 34. Rf7+ Kb8 35. cxd3 Rxe5 36. Rxe5 Rxe5 37. Rxg7 Re3 38. Rh7 Rxd3 39. Rxh6 Rxh3 40. Rh5 Rh2 41. g5 Bg3 42. Rxh2 Bxh2 43. Ne4 Be5 44. Nc5 Kc7 45. g6 Bh8 46. Kc2 Kd6 47. Nxb7+ Kd5 48. b3 Kd4 49. Nd8 Kc5 50. Ne6+ Kb4 51. g7 Bxg7 52. Nxg7 c5 53. Kb2 1-0

[Event "Corr"]
[Site "?"]
[Date "2002.07.01"]
[Round "?"]
[White "Beaumont David (ARG)"]
[Black "Rocca Horacio Daniel (ARG"]
[Result "1-0"]
[WhiteElo "2535"]
[BlackElo "2414"]
[PlyCount "65"]
[EventDate "2002.??.??"]
[Source "www.chesslib.no"]
[SourceDate "2004.05.04"]

1. d4 d5 2. Nc3 Nf6 3. e4 dxe4 4. f3 exf3 5. Nxf3 c6 6. Ne5 Be6 7. Be2 Nbd7 8. Nd3 Bf5 9. g4 Bg6 10. g5 Nd5 11. O-O Nxc3 12. bxc3 Qa5 13. Rb1 O-O-O 14. Rb3 e6 15. Bf4 h6 16. Qb1 hxg5 17. Bg3 b5 18. c4 a6 19. Bf3 Qb6 20. c5 Qb7 21. a4 g4 22. Bg2 Nb8 23. axb5 axb5 24. Qa1 Bxd3 25. cxd3 f6 26. Ra3 Rd7 27. Bxb8 Kxb8 28. Rb1 Bxc5 29. dxc5 Rc8 30. Ra6 Rd4 31. Qa5 Ra4 32. Ra8+ Qxa8 33. Rxb5+ 1-0

[Event "YUG-ch"]
[Site "?"]
[Date "1978.02.06"]
[Round "14"]
[White "Mestrovic Zvonimir"]
[Black "Kovacevic Vlatko"]
[Result "0-1"]
[WhiteElo "2435"]
[BlackElo "2505"]
[PlyCount "174"]
[EventDate "1978.??.??"]
[Source "www.chesslib.no"]
[SourceDate "2004.05.04"]

1. d4 d5 2. Nc3 Bf5 3. Bg5 c6 4. e3 Nd7 5. Bd3 Bxd3 6. Qxd3 Ngf6 7. Nf3 e6 8. e4 h6 9. Bxf6 Qxf6 10. O-O Be7 11. Rfe1 O-O 12. a3 Rfd8 13. Rad1 Rac8 14. Ne2 Nb6 15. e5 Qg6 16. Qxg6 fxg6 17. Nf4 Kf7 18. Nd3 g5 19. Nd2 c5 20. dxc5 Bxc5 21. Nb3 Na4 22. Ndxc5 Nxc5 23. Nd4 a6 24. Re3 Ke7 25. f3 Nd7 26. g3 Rf8 27. b3 Nb8 28. Kg2 Nc6 29. c3 Rc7 30. Nxc6+ Rxc6 31. Red3 b5 32. Re3 a5 33. Rdd3 Ra8 34. g4 a4 35. b4 Rac8 36. Kf2 Rf8 37. h3 Rf4 38. Ke2 Rcc4 39. Rd2 h5 40. Rd1 hxg4 41. hxg4 Rf8 42. Rdd3 Rh8 43. Kd2 Rh3 44. Rd4 Rh2+ 45. Kc1 Ra2 46. Rxc4 dxc4 47. Re1 Rxa3 48. Kd2 Kd7 49. Rd1 Kc7 50. Kc2 Ra2+ 51. Kb1 Re2 52. Rh1 Rxe5 53. Rh7 Re3 54. Rxg7+ Kc6 55. Rxg5 Rxc3 56. Rc5+ Kb6 57. g5 Rxf3 58. Re5 Rf1+ 59. Kb2 Rf2+ 60. Kc3 a3 61. Rxe6+ Kb7 62. Re7+ Kc6 63. Ra7 a2 64. g6 Rg2 65. g7 Rxg7 66. Rxa2 Rg3+ 67. Kd4 Rd3+ 68. Ke4 Rb3 69. Ra6+ Kb7 70. Rh6 Rxb4 71. Kd4 Rb3 72. Kc5 c3 73. Rh7+ Kc8 74. Kc6 Kd8 75. Kd6 Ke8 76. Ke6 Kf8 77. Kf6 Kg8 78. Rg7+ Kh8 79. Rc7 Ra3 80. Kg6 Ra6+ 81. Kf7 b4 82. Rc4 Ra7+ 83. Kg6 Rg7+ 84. Kf6 Rg1 85. Kf7 Rf1+ 86. Kg6 Kg8 87. Rc8+ Rf8 0-1

[Event "DDR Ch 21st"]
[Site "Goerlitz"]
[Date "1972.02.18"]
[Round "12"]
[White "Espig, Lutz"]
[Black "Baumbach, Friedrich"]
[Result "0-1"]
[WhiteElo "2460"]
[BlackElo "2460"]
[PlyCount "74"]
[EventDate "1972.02.06"]
[Source "www.chesslib.no"]
[SourceDate "2004.05.04"]

1. d4 d5 2. Nc3 Bf5 3. Bf4 e6 4. f3 Nf6 5. Qd2 Bd6 6. O-O-O Bxf4 7. Qxf4 Qd6 8. Qh4 h6 9. Kb1 Qe7 10. Qe1 Nbd7 11. e4 dxe4 12. fxe4 Bg4 13. Nf3 O-O-O 14. Rd3 Kb8 15. Nd2 e5 16. d5 Nc5 17. Re3 Ne8 18. Qf2 Bh5 19. Bb5 Bg6 20. Bxe8 Rhxe8 21. Nc4 Nd7 22. d6 cxd6 23. Nd5 Qe6 24. Ra3 Nc5 25. b4 Bxe4 26. bxc5 Qxd5 27. Nxd6 Re7 28. Re1 Bg6 29. Rc3 a6 30. Qh4 Rdd7 31. Qb4 Rc7 32. Ree3 Qd4 33. Qb6 Red7 34. Kc1 Rc6 35. Qa5 Rdc7 36. Ne8 Rxc5 37. Qb6 Rxc3 0-1

[Event "Gonen Memorial"]
[Site "Beer Sheva"]
[Date "2002.02.23"]
[Round "5"]
[White "Maryasin, Boris"]
[Black "Golod, Vitali"]
[Result "0-1"]
[WhiteElo "2398"]
[BlackElo "2516"]
[PlyCount "92"]
[EventDate "2002.02.21"]
[Source "ChessBase"]
[SourceDate "2002.03.21"]

1. d4 d5 2. Nc3 Bf5 3. Bg5 h6 4. Bh4 c6 5. e3 Qb6 6. Rb1 Nd7 7. Bd3 Bxd3 8. cxd3 e6 9. Nf3 Be7 10. O-O g5 11. Bg3 h5 12. h4 g4 13. Ne5 Nxe5 14. Bxe5 Rh7 15. b4 a6 16. a4 Bxh4 17. b5 Ne7 18. bxa6 Qxa6 19. Qb3 f6 20. Bf4 Nf5 21. Qc2 Rg7 22. Rb4 g3 23. f3 Bg5 24. Bxg5 fxg5 25. Rfb1 Rd8 26. Qd2 Rdd7 27. Ne2 Qa5 28. Qc1 g4 29. fxg4 hxg4 30. e4 dxe4 31. Qf4 exd3 32. Nxg3 Qc7 33. Qxc7 Rxc7 34. Ne4 g3 35. Rd1 e5 36. dxe5 c5 37. Nf6+ Kf7 38. Rb6 c4 39. Nd5 Rc6 40. Rxb7+ Ke6 41. Rb5 Nd4 42. Nf4+ Kf5 43. Rd5 Kxf4 44. Rxd4+ Ke3 45. Rd8 Rh6 46. Rf1 Rgh7 0-1

[Event "IV Pyramiden-Franken, Fuerth GER"]
[Site "?"]
[Date "2001.??.??"]
[Round "9"]
[White "Hector, J."]
[Black "Hedke, F."]
[Result "1/2-1/2"]
[WhiteElo "2550"]
[BlackElo "2360"]
[PlyCount "85"]
[EventDate "2001.??.??"]
[Source "www.chesslib.no"]
[SourceDate "2004.05.04"]

1. d4 d5 2. Nc3 g6 3. e4 dxe4 4. Nxe4 Bg7 5. Nf3 Nd7 6. Bc4 Nb6 7. Bb3 Nf6 8. Nxf6+ exf6 9. Qe2+ Qe7 10. Qxe7+ Kxe7 11. Bf4 c6 12. O-O Be6 13. Rfe1 Rac8 14. Re2 Rhe8 15. Nd2 f5 16. Nf3 Kd7 17. Bxe6+ fxe6 18. Rae1 Nd5 19. Be5 Bxe5 20. Nxe5+ Ke7 21. Nd3 Kd6 22. c4 Nc7 23. h4 Rb8 24. Nc5 b5 25. b3 bxc4 26. bxc4 e5 27. Rxe5 Rxe5 28. Rxe5 Rb1+ 29. Kh2 Rb4 30. g4 Rxc4 31. Nb7+ Kd7 32. gxf5 Rxd4 33. fxg6 Rxh4+ 34. Kg3 Rh6 35. gxh7 Rxh7 36. f4 Nd5 37. Nc5+ Kc7 38. Re6 Rh1 39. f5 Rc1 40. Nb3 Rc4 41. Na5 Rc5 42. Nb3 Rc4 43. Na5 1/2-1/2

[Event "JUG-34ch"]
[Site "Bjelovar"]
[Date "1979.??.??"]
[Round "2"]
[White "Maksimovic, Branimir"]
[Black "Marjanovic, Slavoljub"]
[Result "0-1"]
[WhiteElo "2400"]
[BlackElo "2505"]
[PlyCount "72"]
[EventDate "1979.??.??"]
[Source "www.chesslib.no"]
[SourceDate "2004.05.04"]

1. d4 d5 2. Nc3 c6 3. f3 g6 4. e4 Bg7 5. Be3 h5 6. Qd2 a6 7. O-O-O b5 8. Kb1 Bb7 9. Nge2 Nd7 10. Nf4 e6 11. Nd3 Ne7 12. Ne2 dxe4 13. fxe4 c5 14. d5 exd5 15. exd5 c4 16. Nb4 O-O 17. Nd4 Ne5 18. Bg5 Qd7 19. Bxe7 Qxe7 20. g3 Rfd8 21. Bg2 Qc5 22. c3 a5 23. Nbc6 Bxc6 24. dxc6 Rac8 25. Qg5 b4 26. Ne2 f6 27. Qc1 Nxc6 28. Nf4 Qf5+ 29. Qc2 Qxc2+ 30. Kxc2 Ne5 31. Ne6 Rxd1 32. Rxd1 Ng4 33. Re1 Bh6 34. Kb1 bxc3 35. bxc3 Rb8+ 36. Ka1 Bd2 0-1

[Event "ISR-chT"]
[Site "?"]
[Date "2002.03.15"]
[Round "7"]
[White "Maryasin Boris"]
[Black "Har Zvi Ronen"]
[Result "1/2-1/2"]
[WhiteElo "2398"]
[BlackElo "2504"]
[PlyCount "57"]
[EventDate "2002.??.??"]
[Source "www.chesslib.no"]
[SourceDate "2004.05.04"]

1. d4 d5 2. Nc3 Bf5 3. Bg5 h6 4. Bh4 c6 5. e3 Qb6 6. Rb1 Nd7 7. Bd3 Bxd3 8. cxd3 e6 9. Nf3 Be7 10. O-O Bxh4 11. Nxh4 Ne7 12. b4 O-O 13. f4 Nf5 14. Nxf5 exf5 15. b5 Qa5 16. bxc6 bxc6 17. Rc1 Rfe8 18. Re1 Rab8 19. Qa4 Qxa4 20. Nxa4 Rb4 21. Nc3 Nf6 22. Re2 Ng4 23. Rce1 Reb8 24. h3 Nf6 25. Rc1 Rb2 26. Rec2 Kf8 27. Kf2 Ke7 28. Kf3 h5 29. Na4 1/2-1/2

[Event "RUS-ch 1/2 fin"]
[Site "?"]
[Date "2002.??.??"]
[Round "7"]
[White "Hasangatin Ramil"]
[Black "Geller Jakov"]
[Result "1-0"]
[WhiteElo "2480"]
[BlackElo "2417"]
[PlyCount "49"]
[EventDate "2002.??.??"]
[Source "www.chesslib.no"]
[SourceDate "2004.05.04"]

1. d4 d5 2. Nc3 Bf5 3. Bg5 h6 4. Bh4 c6 5. e3 Qb6 6. Rb1 e6 7. Bd3 Be7 8. Bxf5 Bxh4 9. Bxe6 Bxf2+ 10. Kxf2 fxe6 11. Qg4 Kf7 12. Nf3 Nd7 13. Qh5+ Kf8 14. Ng5 g6 15. Qh3 Ngf6 16. Rhf1 Re8 17. Kg1 Kg7 18. Nxe6+ Kf7 19. Na4 Qa5 20. Nac5 Nxc5 21. b4 Qa6 22. Nxc5 Qe2 23. Rxf6+ Kxf6 24. Rf1+ Kg5 25. Ne6+ 1-0

[Event "Groningen Open"]
[Site "Groningen NED"]
[Date "1988.??.??"]
[Round "?"]
[White "Hoi, Carsten"]
[Black "Kuczynski, Robert"]
[Result "1-0"]
[WhiteElo "2405"]
[BlackElo "2485"]
[PlyCount "81"]
[EventDate "1988.12.??"]
[Source "www.chesslib.no"]
[SourceDate "2004.05.04"]

1. d4 d5 2. Nc3 f5 3. Bg5 Nf6 4. Bxf6 exf6 5. e3 Be6 6. Bd3 Nc6 7. a3 Qd7 8. Qf3 Bd6 9. Nge2 Ne7 10. Nb5 a6 11. Nxd6+ Qxd6 12. O-O-O h5 13. h4 O-O-O 14. Kb1 Qc6 15. Rc1 Rd6 16. Nf4 Bf7 17. Qe2 Kb8 18. Ka1 Qd7 19. c4 dxc4 20. Bxc4 Bxc4 21. Rxc4 g6 22. Rhc1 Rc8 23. Rc5 c6 24. R5c2 Nd5 25. Nd3 Qf7 26. Nc5 Nb6 27. Rc3 Rd5 28. Qc2 Ka7 29. Rb3 Rc7 30. Qd3 Nc8 31. Qc3 b6 32. Nd3 a5 33. Qc2 Kb7 34. Rc3 Rd6 35. b4 Qd5 36. Nf4 Qb5 37. a4 Qxb4 38. Rb1 g5 39. Ne2 Ne7 40. Rxb4 axb4 41. Rb3 1-0

[Event "Hotel Irottko GM"]
[Site "?"]
[Date "2000.??.??"]
[Round "9"]
[White "Tolnai Tibor"]
[Black "Estrada Nieto Julian"]
[Result "1/2-1/2"]
[WhiteElo "2514"]
[BlackElo "2368"]
[PlyCount "62"]
[EventDate "2000.??.??"]
[Source "www.chesslib.no"]
[SourceDate "2004.05.04"]

1. d4 d5 2. Nc3 Bf5 3. Nf3 Nf6 4. Bf4 c6 5. e3 e6 6. Bd3 Nbd7 7. O-O Be7 8. Ne5 O-O 9. a3 Nxe5 10. Bxe5 Bd6 11. Bxf5 exf5 12. Qf3 g6 13. Bxf6 Qxf6 14. g3 h5 15. b4 Kg7 16. h4 f4 17. gxf4 Qxh4 18. Kg2 Qg4+ 19. Qxg4 hxg4 20. b5 Rh8 21. bxc6 bxc6 22. Ne2 Rhb8 23. Ra2 Rh8 24. c4 dxc4 25. Rc1 c5 26. dxc5 Bxc5 27. Rxc4 Bb6 28. a4 Rac8 29. Rxc8 Rxc8 30. a5 Bd8 31. a6 Bb6 1/2-1/2

[Event "Open"]
[Site "Zadar"]
[Date "2004.12.16"]
[Round "5.11"]
[White "Mestrovic, Zvonimir"]
[Black "Radulski, Julian"]
[Result "0-1"]
[WhiteElo "2376"]
[BlackElo "2501"]
[PlyCount "102"]
[EventDate "2004.12.13"]
[Source "Roberto Alvarez"]
[SourceDate "2004.12.13"]

1. d4 d5 2. Nc3 f5 3. Nf3 Nf6 4. Bf4 e6 5. e3 a6 6. h3 c5 7. g4 cxd4 8. exd4 Bb4 9. Bd2 O-O 10. g5 Bxc3 11. bxc3 Ne4 12. Bd3 Qc7 13. Bxe4 fxe4 14. Ne5 Nd7 15. Ng4 Nb6 16. Rg1 e3 17. Nxe3 Qh2 18. Rf1 Bd7 19. Qg4 Bb5 20. Qxe6+ Kh8 21. Qxb6 Bxf1 22. O-O-O Be2 23. Re1 Rxf2 24. Qe6 Raf8 25. Qe5 Qxe5 26. dxe5 Re8 27. h4 Kg8 28. Nxd5 Rxe5 29. Ne3 Re4 30. Nd1 Rf1 31. Rxf1 Bxf1 32. h5 Ra4 33. Ne3 Be2 34. h6 gxh6 35. gxh6 Rxa2 36. Nf5 Ra1+ 37. Kb2 Rd1 38. Be3 Kf7 39. Bd4 Kg6 40. Ne3 Rh1 41. Bg7 Rxh6 42. Bxh6 Kxh6 43. c4 Kg5 44. Kc3 h5 45. Kd2 Bf3 46. Ke1 Kf4 47. Kf2 a5 48. c5 a4 49. Nc4 h4 50. Nd2 a3 51. Nc4 a2 0-1

[Event "Hampstead"]
[Site "?"]
[Date "1998.10.27"]
[Round "3"]
[White "Wall Tim"]
[Black "Groszpeter Attila"]
[Result "0-1"]
[WhiteElo "2370"]
[BlackElo "2505"]
[PlyCount "52"]
[EventDate "1998.??.??"]
[Source "www.chesslib.no"]
[SourceDate "2004.05.04"]

1. d4 d5 2. Nc3 Bf5 3. f3 e6 4. e4 Bg6 5. Be3 dxe4 6. fxe4 Bb4 7. Bd3 Bxc3+ 8. bxc3 Bxe4 9. Nf3 Bg6 10. Rb1 Ne7 11. Rxb7 Nd5 12. Bg5 f6 13. Bxg6+ hxg6 14. Qd3 O-O 15. Qxg6 Nc6 16. Bh6 Rf7 17. O-O Nce7 18. Qg4 Nf5 19. Bd2 Nb6 20. c4 Nxc4 21. Re1 Qd5 22. Rb4 c5 23. Rxc4 Qxc4 24. Qh5 Nxd4 25. Nh4 Qd5 26. Qg4 Nxc2 0-1

[Event "TCh-BIH"]
[Site "Neum"]
[Date "2003.08.24"]
[Round "2"]
[White "Meszaros, Gyula"]
[Black "Bistric, Faruk"]
[Result "1/2-1/2"]
[WhiteElo "2348"]
[BlackElo "2524"]
[PlyCount "87"]
[EventDate "2003.08.23"]
[Source "Roberto Alvarez"]
[SourceDate "2003.09.15"]

1. d4 d5 2. Nc3 Bf5 3. f3 Nf6 4. g4 Bc8 5. g5 Nh5 6. e4 c6 7. Be3 Qa5 8. Qd2 Nd7 9. Nge2 dxe4 10. Nxe4 Qxd2+ 11. Bxd2 g6 12. N2g3 Ng7 13. Kf2 Ne6 14. c3 h6 15. h4 hxg5 16. hxg5 Rxh1 17. Nxh1 Nb6 18. Nhg3 Bg7 19. Re1 Nd5 20. Ne2 b5 21. Kg3 Rb8 22. Bh3 Kf8 23. Bc1 Nec7 24. Bf1 e5 25. dxe5 Bxe5+ 26. f4 Bg7 27. Rd1 Bf5 28. Kf3 Rd8 29. N2g3 Bc8 30. Nc5 Ne6 31. Be3 Nxg5+ 32. Kf2 Re8 33. Bc1 Nh7 34. Nge4 Rd8 35. Be2 Nhf6 36. Bf3 Ng4+ 37. Kg3 Nh6 38. Kf2 Bg4 39. Bxg4 Nxg4+ 40. Kf3 Nh6 41. Nb7 Rc8 42. Na5 Nb6 43. Rd6 Nf5 44. Rxc6 1/2-1/2

[Event "Metz op"]
[Site "Metz"]
[Date "2001.04.12"]
[Round "6"]
[White "Shirazi, Kamran G"]
[Black "Krivoshey, Sergei"]
[Result "0-1"]
[WhiteElo "2413"]
[BlackElo "2455"]
[PlyCount "88"]
[EventDate "2001.04.07"]
[Source "ChessBase"]
[SourceDate "2001.05.06"]

1. d4 d5 2. Nc3 Bf5 3. f3 Nf6 4. e4 dxe4 5. g4 Bg6 6. g5 Nd5 7. Nxe4 e5 8. dxe5 Nc6 9. Bb5 Ndb4 10. c3 Qxd1+ 11. Kxd1 O-O-O+ 12. Ke2 a6 13. Ba4 b5 14. Bb3 Nd3 15. e6 fxe6 16. Bxe6+ Kb8 17. Nh3 Nc5 18. Nf4 Nxe4 19. Bd5 Rxd5 20. Nxd5 Nc5 21. Bf4 Bd6 22. Bxd6 cxd6 23. Nf4 Re8+ 24. Kf2 Ne5 25. Kg3 Ncd3 26. Nxg6 Nxg6 27. Rhd1 Re3 28. Rd2 Nge5 29. Rf1 Nc4 30. Rc2 Ncxb2 31. c4 Nxc4 32. a4 d5 33. axb5 axb5 34. Ra2 Kb7 35. Rfa1 Nce5 36. Ra7+ Kb6 37. Rxg7 Rxf3+ 38. Kg2 Nf4+ 39. Kh1 Rh3 40. Rf1 Ned3 41. Rf7 Rh4 42. Rf8 Kc5 43. Rb1 Rg4 44. Rc8+ Kd4 0-1

[Event "SLO-chT"]
[Site "Bled"]
[Date "1996.??.??"]
[Round "4"]
[White "Mestrovic, Zvonimir"]
[Black "Tratar, Marko"]
[Result "1/2-1/2"]
[WhiteElo "2445"]
[BlackElo "2420"]
[PlyCount "81"]
[EventDate "1996.??.??"]
[Source "ChessBase"]

1. d4 d5 2. Nc3 Bf5 3. Nf3 c6 4. Bg5 h6 5. Bh4 Qb6 6. Rb1 Nd7 7. e3 Ngf6 8. Bd3 e6 9. O-O Bd6 10. b4 O-O 11. Na4 Qc7 12. Nc5 Ne4 13. Nxd7 Qxd7 14. Bxe4 Bxe4 15. Bg3 Bxf3 16. Qxf3 Bxg3 17. hxg3 a5 18. a3 axb4 19. axb4 Ra2 20. c3 Rfa8 21. Qf4 b5 22. g4 Qd8 23. g3 R8a3 24. Rfc1 Qa8 25. g5 hxg5 26. Qxg5 Re2 27. Kg2 Raa2 28. Rf1 f6 29. Qg6 Qf8 30. Rbe1 Rec2 31. Qg4 Qf7 32. Qh3 f5 33. Qh4 Qf6 34. Qf4 Qd8 35. Qe5 Kf7 36. Qf4 g5 37. Qe5 g4 38. Kg1 Rd2 39. Qf4 Kg6 40. Qe5 Kf7 41. Qf4 1/2-1/2

[Event "70th ch-BLR"]
[Site "Minsk"]
[Date "2004.03.10"]
[Round "7"]
[White "Gorovets, Andrey"]
[Black "Kupreichik, Viktor D"]
[Result "0-1"]
[WhiteElo "2393"]
[BlackElo "2464"]
[PlyCount "54"]
[EventDate "2004.03.04"]
[Source "Roberto Alvarez"]
[SourceDate "2004.05.03"]

1. d4 d5 2. Nc3 c5 3. e4 dxe4 4. d5 Nf6 5. Bf4 a6 6. a4 g6 7. Bc4 Bg7 8. Qd2 O-O 9. Nge2 Nbd7 10. Ng3 Nb6 11. Ba2 c4 12. Be5 Nbxd5 13. O-O-O Nxc3 14. Qxd8 Bh6+ 15. Rd2 Rxd8 16. Bxc3 Be6 17. Nf1 Bxd2+ 18. Nxd2 b5 19. Re1 Bd5 20. axb5 axb5 21. Bb1 e3 22. fxe3 Bxg2 23. e4 Ra6 24. Re2 Bh3 25. b3 Be6 26. Bb4 Rd7 27. e5 Nd5 0-1

[Event "DEN Ch"]
[Site "Tonder"]
[Date "1993.??.??"]
[Round "4"]
[White "Hoi, Carsten"]
[Black "Rasmussen, Karsten"]
[Result "1/2-1/2"]
[WhiteElo "2415"]
[BlackElo "2440"]
[PlyCount "93"]
[EventDate "1993.05.??"]
[Source "www.chesslib.no"]
[SourceDate "2004.05.04"]

1. d4 d5 2. Nc3 c6 3. Bg5 Qb6 4. Rb1 g6 5. e3 Bg7 6. Nf3 Nf6 7. Bd3 Bg4 8. h3 Bxf3 9. gxf3 Nbd7 10. f4 e6 11. b4 Qc7 12. Ne2 a5 13. a3 axb4 14. axb4 Nh5 15. c3 O-O 16. Bh4 Ra2 17. Ra1 Rfa8 18. Rxa2 Rxa2 19. Qb1 Ra8 20. O-O b6 21. Qb2 Qa7 22. Rb1 b5 23. Nc1 Qa3 24. Qc2 Nb6 25. Nb3 Qa7 26. Ra1 Qb8 27. Rxa8 Qxa8 28. Na5 Bf8 29. Kf1 Bd6 30. Ke1 Ng7 31. Bf6 Ne8 32. Bg5 Nc7 33. h4 Na6 34. Nb3 Na4 35. Nc5 N6xc5 36. dxc5 Bf8 37. Bf6 Bg7 38. Bxg7 Kxg7 39. Be2 h5 40. Bd1 Qd8 41. c4 dxc4 42. Bf3 Qf6 43. Bxc6 Qa1+ 44. Ke2 Nc3+ 45. Kf3 Qh1+ 46. Kg3 Qxc6 47. Qxc3+ 1/2-1/2